Los seis países más cercanos: Madagascar - Estadísticas

Estadísticas generales
  • Esta prueba ha sido intentada 25 veces
  • La puntuación promedio es 3 de 6
Estadísticas de respuestas
km país % Correcto
802 Mauricio
83%
416 Mozambique
75%
1170 Sudáfrica
71%
389 Comoras
54%
770 Tanzania
29%
546 Malaui
13%
No se encontraron pruebas coincidentes
Distribución de puntuación
Porcentaje de gente con cada puntuación
Porcentaje por número respondido
Historial de tus puntuaciones
No has intentado esta prueba.